00623nam a2200181 a 450000100100000000500170001000800410002702000150006804000250008308200150010810000190012324501070014226000500024930000280029950000540032750400280038170000320040900003644620200930075733.0120118s1995 ag a 000 0 spa d a9502406834 aDO-SdBNPbspacBNPHU axxxxbxxxx1 aKusmin, Otilia13aLa nueva cocina dulce :brepostería y panadería /cOtilia Kusmin ; prólogo Fernando Vidal Buzzi. aBuenos Aires, Argentina, :bAlbastros,c1995. a254 p. :bil. ;c22 cm. aIncluye notas al pie de las páginas e índices aBibliografía : p. 2441 aVidal Buzzi, Fernando,etr.